00474nam a2200133 a 450000500170000000800410001702000180005805000180007624500510009426000650014530000230021052000840023365000230031720140412111320.0010404s19uu xx 00 eng d a0-7498-0798-9 aERbTr67 1992 aTravel songs /cillustrated by Heather Clarke. aManchester :bWorld International Publishing Limited,c1992. a1 v. (unp.) ; ill. aMake long journeys fly by with this collection of delightful traditional songs. aSongs for children